| 000 | 00564nam a22002057a 4500 | ||
|---|---|---|---|
| 003 | OSt | ||
| 005 | 20170320182803.0 | ||
| 008 | 170320b xxu||||| |||| 00| 0 eng d | ||
| 020 | _a9780853696667 | ||
| 040 | _cDMLN | ||
| 082 | _aQV18 C61c 2007 | ||
| 100 |
_aEdited by Azzopardi, Lilian M. _911856 |
||
| 245 | _aMCQs in Clinical Pharmacy | ||
| 260 | _aLondon; Pharmaceutical Press, 2007 | ||
| 300 | _axxv,276p; ill: 24cm | ||
| 504 | _aAppendices & indices included | ||
| 650 |
_aPharmacy MCQs _98918 |
||
| 650 |
_aClinical pharmacy _911857 |
||
| 942 |
_2z _cSLOAN |
||
| 999 |
_c5693 _d5693 |
||